Apunts Medicina de l'esport (Registro nro. 1147)

Detalles MARC
000 -LEADER
fixed length control field 00582nas a22001457a 4500
008 - CAMPO DE CONTROL RECURSOS CONTINUADOS
fixed length control field 130214t20009999sp ||||| |||| 00| 0 spa d
022 ## - INTERNATIONAL STANDARD SERIAL NUMBER
International Standard Serial Number 0213-3717
245 ## - TITULO
Titulo Apunts Medicina de l'esport
Mención de responsabildady, etc Consell Catalá de l'Esport
260 ## - PUBLICACION, DISTRIBUCION, ETC. (PIE DE IMPRENTA)
Lugar de publicación, distribución, etc Barcelona
Nombre de la editorial, distribuidor, etc. Consell Catalá de l'Esport, Generalitat de Catalunya
Fecha de publicación 2000
300 ## - DESCRIPCION FISICA
Extensión v.
546 ## - NOTA DE IDIOMA
Nota de lenguaje español/catalán
590 ## - NOTAS LOCALES (RLIN)
Nota local Existencias: 2000 (132,133); 2001 (135,136); 2003 (141,142); 2004 (143,144); 2005 (146,147); 2006 (148)<br/>BAJA DEPOSITO (CAJA 19- VOL39 2005/06) MAYO 2019
650 ## - MATERIA-TERMINO TEMATICO
Término temático Medicina del deporte
9 (RLIN) 1876
942 ## - ADDED ENTRY ELEMENTS (KOHA)
Source of classification or shelving scheme Dewey Decimal Classification
Item type Continuing Resources

No hay ítems disponibles.


UNIVERSIDAD NACIONAL DEL COMAHUE
Biblioteca de la Facultad de Ciencias Médicas
Sede Toschi: Los Arrayanes y Av. Toschi, Cipolletti  - Rio Negro
Sede Los Tordos:  Yrigoyen al 2211, Cipolletti - Rio Negro 

Teléfono: 0299 - 4774707 int 25
Contacto: biblioteca@facimed.uncoma.edu.ar
© 2011 - 2026